Les Col·leccions del Museu : Museus d'Història de la Medicina de Catalunya / [Alfons Zarzoso] Museus d'Història de la Medicina de Catalunya / [Alfons Zarzoso]
Descripción Física:
143 p. : il. col. ; 14 cm
MARC
| LEADER | 00000nam a2200000Ia 4500 | ||
|---|---|---|---|
| 001 | 17581 | ||
| 008 | 160829s2005 xx 000 0 cat d | ||
| 080 | |a C-2-428 | ||
| 100 | |a Zarzoso, Alfons |9 23597 | ||
| 245 | |a Les Col·leccions del Museu : |b Museus d'Història de la Medicina de Catalunya / [Alfons Zarzoso] | ||
| 260 | |a Barcelona : |b Col·legi Oficial de Metges de Barcelona, |c 2005 | ||
| 300 | |a 143 p. : |b il. col. ; |c 14 cm | ||
| 590 | |a L'exposició 'Les col·leccions de Museu' va ser inaugurada a la sala d'exposicions del COMB durant la 9a edició Setmana de la Ciència a Catalunya, novembre de 2004 | ||
| 650 | |a Museu d'Història de la Medicina de Catalunya |x Exposicions |9 23598 | ||
| 650 | |a Medicina |x Història |9 23599 | ||
| 650 | |a Medicina |x Aparells i instruments |x Exposicions |9 23600 | ||
| 901 | |a Arxiu | ||
| 942 | |n 1 | ||
| 952 | |0 0 |1 0 |4 0 |6 C2428 |7 1 |9 42771 |a Arxiu |b Arxiu |d 2016-12-01 |l 0 |o C-2-428 |p 17581 |r 2016-12-01 00:00:00 |w 2016-12-01 |y ARXIU | ||
| 999 | |c 45277 |d 45277 | ||